banner-ar

THE MANAGEMENT OF EDUCATIONAL POLICY: SCOTTISH PERSPECTIVES / (Record no. 23799)

MARC details
000 -الفاتح
حقل البيانات ثابتة الطول 00531nam a2200181Ia 4500
008 - عناصر البيانات ثابتة الطول - معلومات عامة
حقل البيانات ثابتة الطول 140319s9999 xx 000 0 eng d
040 ## - مصدر الفهرسة
وكالة الفهرسة الأصلية GCL /
وكالة النسخ GCL
082 04 - رقم تصنيف ديوى العشرى
رقم التصنيف 379.2
رقم المادة H M
100 1# - المدخل الرئيسى - إسم شخصى
الإسم الشخصى HUMES, WALTER M.
245 10 - بيان العنوان
العنوان THE MANAGEMENT OF EDUCATIONAL POLICY: SCOTTISH PERSPECTIVES /
بيان المسئوليه,etc HUMES, WALTER M.
700 1# - المدخل الاضافى - اسم شخصى
الإسم الشخصى MACKENIZE, MALCOM L.
260 ## - PUBLICATION, DISTRIBUTION, ETC. (IMPRINT)
تاريخ النشر أو التوزيع 1994
300 ## - الوصف المادى
التعداد 192 P
650 04 - المدخل الاضافى بالموضوع-مصطلح موضوعى
مصطلح موضوعي EDUCATION - POLICY
650 04 - المدخل الاضافى بالموضوع-مصطلح موضوعى
مصطلح موضوعي MANAGEMENT
942 ## - عناصر المدخل الإضافي( كوها)
مصدر التصنيف او مخطط الترفيف Dewey Decimal Classification
Koha [default] item type كتاب
260 ## - PUBLICATION, DISTRIBUTION, ETC. (IMPRINT)
-- [S.N] :
-- BRITISH EDUCATIONAL MANAGEMENT AND ADMIN ،
Holdings
حالة التراجع حالة الفقد حالة تلف ليس للاعارة المكان المؤقت الموقع الحالى تاريخ الاكتساب اجمالي اﻻعارات رقم الطلب الباركود تاريخ اخر مشاهدة تاريخ تفعيل السعر نوع وعاء كوها
        مكتبة القاهرة الكبرى مكتبة القاهرة الكبرى 03/26/2014   379.2\H M 42440 03/26/2014 03/26/2014 كتاب
        مكتبة القاهرة الكبرى مكتبة القاهرة الكبرى 03/26/2014   379.2\H M 42441 03/26/2014 03/26/2014 كتاب

Powered By

EGPV